000 00559nam a2200169 a 4500
001 000039699
005 20201002033703.0
008 130716s1956 sp ab 000 0 spa d
040 _aDO-SdBNP
_bspa
_cBNPHU
082 _axxx
100 1 _aManstein, Mariscal von
_965893
240 1 0 _aVerlone siege
_lespañol
245 1 0 _aVictorias frustradas /
_cMariscal Von Mantein ; traductor M. Picos Vilavella.
260 _aBarcelona, España :
_bLuis de Caralt editor,
_c1956.
300 _a610 p. :
_bil., maps. ;
_c23 cm.
700 1 _aPicos Vilavella, M.,
_etr.
_965894
999 _c39189
_d39189